| 000 | 01519cam a2200421 4500 | ||
|---|---|---|---|
| 001 | 1904254942 | ||
| 003 | DE-627 | ||
| 005 | 20250113141657.0 | ||
| 007 | tu | ||
| 008 | 241002s2025 gw ||||| 00| ||ger c | ||
| 015 |
_a24,N40 _2dnb |
||
| 016 | 7 |
_a134322862X _2DE-101 |
|
| 020 |
_a9783412531881 _c : Paperback : EUR 35.00 (DE), EUR 36.00 (AT) |
||
| 020 | _a341253188X | ||
| 024 | 3 | _a9783412531881 | |
| 028 | 5 | 2 | _aBVK0017127 |
| 035 | _a(DE-627)1904254942 | ||
| 035 | _a(DE-599)DNB134322862X | ||
| 035 | _a(OCoLC)1458463931 | ||
| 040 |
_aDE-627 _bger _cDE-2950 _erakwb _dDE-2950 |
||
| 041 | _ager | ||
| 044 | _cXA-DE | ||
| 082 | 0 | 4 |
_a943 _qDE-101 |
| 100 | 1 |
_aKrauss, Karl-Peter _d1955- _eVerfasserIn _0(DE-588)113935307 _0(DE-627)594480302 _0(DE-576)173119921 _4aut |
|
| 245 | 1 | 4 |
_aDem Vergessen entrissen: _bder „Ostjude“ Simon Leinmann und die Neuapostolische Kirche / _cvon Karl-Peter Krauss |
| 264 | 1 |
_aKöln: _bBöhlau, _c[2025] |
|
| 300 |
_a320 Seiten: _bIllustrationen |
||
| 336 |
_aText _btxt _2rdacontent |
||
| 337 |
_aohne Hilfsmittel zu benutzen _bn _2rdamedia |
||
| 338 |
_aBand _bnc _2rdacarrier |
||
| 490 | 1 |
_aLebenswelten osteuropäischer Juden _vBand 21 |
|
| 653 | _aLeinmann, Simon | ||
| 653 | _aJudenverfolgung | ||
| 710 | 2 |
_aBöhlau-Verlag _eVerlag _0(DE-588)2005806-8 _0(DE-627)101534051 _0(DE-576)191613037 _4pbl |
|
| 830 | 0 |
_aLebenswelten osteuropäischer Juden _vBand 21 _921 _w(DE-627)249464098 _w(DE-576)055409415 _w(DE-600)1445536-5 _x2748-422X _7ns |
|
| 942 |
_2z _cB |
||
| 951 | _aBO | ||
| 999 |
_c373555 _d373555 |
||